000 00348 a2200145 4500
001 73909
020 _a019861133-1
040 _cAnchieta - Colégio São Paulo
240 1 0 _aThe Pocket Oxford Dictionary
_lpor
245 1 0 _aThe Pocket Oxford Dictionary
300 _a894
362 0 _a1994
650 4 _aObras enciclopédicas gerais
942 _cBK
999 _c73909
_d73909